A queue model based TCP flow control algorithm; The 1st International Conference on Information Technology, november 28-30, Suwon, Korea, 2003

Chi tiết về thư mục
Parent link:The 1st International Conference on Information Technology, november 28-30, Suwon, Korea, 2003.— 2003.— P. 89-101
Tác giả chính: Yu Young-il
Tác giả khác: Alkhimov Yu. V. Yuri Vasilyevich, Lee Chae-Woo
Tóm tắt:В фонде НТБ ТПУ отсутствует
Ngôn ngữ:Tiếng Anh
Được phát hành: 2003
Những chủ đề:
Định dạng: MixedMaterials Chương của sách
KOHA link:https://koha.lib.tpu.ru/cgi-bin/koha/opac-detail.pl?biblionumber=597381

MARC

LEADER 00000naa0a2200000 4500
001 597381
005 20250205134709.0
035 |a (RuTPU)RU\TPU\tpu\20629 
035 |a RU\TPU\tpu\20625 
090 |a 597381 
100 |a 20120131d2003 k||y0rusy50 ba 
101 0 |a eng 
102 |a KR 
200 1 |a A queue model based TCP flow control algorithm  |f Young-il Yu, Yu. V. Alkhimov, Chae-Woo Lee 
333 |a В фонде НТБ ТПУ отсутствует 
463 |t The 1st International Conference on Information Technology, november 28-30, Suwon, Korea, 2003  |v P. 89-101  |d 2003 
610 1 |a труды учёных ТПУ 
700 0 |a Yu  |b Young-il 
701 1 |a Alkhimov  |b Yu. V.  |c Specialist in Non-Destructive Testing  |c Associate Professor of Tomsk Polytechnic University, Candidate of Technical Sciences  |f 1958-  |g Yuri Vasilyevich  |3 (RuTPU)RU\TPU\pers\29160  |4 070 
701 0 |a Lee  |b Chae-Woo 
801 1 |a RU  |b 63413507  |c 20120131 
801 2 |a RU  |b 63413507  |c 20120131  |g RCR 
942 |c BK